00780nam a2200253 i 4500001000300000100002000003245008800023260003200111300002000143504001400163650002500177655001400202710002600216020001500242040000800257041000800265080002300273920001800296942000700314008004100321999001700362856009800379952004900477bg1 aBUCHTA, Monika.10aNiezbędnik szukającego pracy /c[oprac. Monika Buchta] ; Politechnika Lubelska. aLublin :bWydaw. PL,c2003. a46 s. ;c24 cm. aBibliogr. 9aZatrudnieniezPolska aPoradniki 0aPolitechnika Lubelska a8389246007 cBPK0 apol a331.53(438)(083.1) a83-89246-00-7 cKS s pl f |000 0 pol  c43744d43744 uhttp://koha.tu.koszalin.pl/cgi-bin/koha/opac-detail.pl?biblionumber=43744yKatalog online BPK 00104070aBPKbBPKcwo69916p02159027yKS